| Tag |
First Indicator |
Second Indicator |
Subfields |
| LEADER |
00000cam a2200000 4500 |
| 001 |
in00000067465 |
| 005 |
20151007083719.0 |
| 008 |
731204s1948 enk 00000 eng u |
| 035 |
|
|
|a (OCoLC)00754032
|
| 035 |
|
|
|9 AAF9770AM
|
| 040 |
|
|
|c WEL
|d TXA
|d UtOrBLW
|
| 049 |
|
|
|a TXAM
|c [177674]
|
| 090 |
|
|
|a DA331
|b .S7
|
| 092 |
|
|
|a 330.942
|b S795d
|
| 100 |
1 |
|
|a Starkey, Thomas,
|d -1538.
|
| 245 |
1 |
2 |
|a A dialogue between Reginald Pole & Thomas Lupset /
|c Edited by Kathleen M. Burton. With a preface by E. M. W. Tillyard.
|
| 264 |
|
1 |
|a London :
|b Chatto and Windus,
|c 1948.
|
| 300 |
|
|
|a ix, 213 pages ;
|c 22 cm.
|
| 336 |
|
|
|a text
|b txt
|2 rdacontent
|
| 337 |
|
|
|a unmediated
|b n
|2 rdamedia
|
| 338 |
|
|
|a volume
|b nc
|2 rdacarrier
|
| 600 |
1 |
0 |
|a Pole, Reginald,
|d 1500-1558.
|
| 600 |
1 |
0 |
|a Lupset, Thomas,
|d 1495?-1530.
|
| 651 |
|
0 |
|a Great Britain
|x History
|y Henry VIII, 1509-1547.
|
| 651 |
|
0 |
|a England
|x Economic conditions.
|
| 999 |
|
|
|a MARS
|
| 999 |
f |
f |
|s fa221f16-c486-3031-a1f8-5910c405a019
|i b045dac1-bb89-3679-9628-15eaad25ac7d
|t 0
|
| 952 |
f |
f |
|p ric
|a Texas A&M University
|b Rellis Campus
|c Joint Library Facility
|d Remote Storage
|t 0
|e DA331 .S7
|h Library of Congress classification
|i unmediated -- volume
|m A14800701962
|
| 998 |
f |
f |
|a DA331 .S7
|t 0
|l Remote Storage
|